000 00309nam a22001337a 4500
008 170927b xxu||||| |||| 00| 0 eng d
020 _a9780312451332
041 _aeng
080 _a37
100 _a46
101 _aEDU
245 _aTHE ST.MARTIN'S GUIDE TO TEACHING WRITING
_cGLENN, CH
942 _2udc
_cBK
999 _c30123
_d30123